000 00857nac a22002771i 4500
003 EG-ScBUE
005 20240924093224.0
008 240924t1999 njua f 001 0 eng d
020 _a0130800058
020 _a9780130800053
040 _aEG-ScBUE
_beng
_erda
_cEG-ScBUE
_dEG-ScBUE
082 0 4 _a512.9
_bSUL
_222
100 1 _aSullivan, Michael,
_eauthor.
245 1 0 _aCollege algebra /
_cMichael Sullivan, Chicago State University.
250 _aFifth edition.
264 1 _aUpper Saddler River, NJ :
_bPrentice Hall,
_c[1999]
264 4 _cc1999
300 _axxvii, 722, [82] pages :
_bcolor illustrations ;
_c26 cm
336 _2rdacontent
_atext
_btxt
337 _aunmediated
_2rdamedia
_bn
338 _avolume
_bnc
_2rdacarrier
500 _aIncludes index.
650 7 _aAlgebra.
_2BUEsh
655 _vReading book
942 _cBB
_2ddc
999 _c1332
_d1332